[Event "Pohár města Říčany 2018"]
[Site "Městské kulturní středisko"]
[Date "2019.08.25"]
[Round "2.31"]
[White "Jirousek, Tadeas"]
[Black "Hampel, Rudolf"]
[Result "1-0"]
[WhiteElo "1856"]
[BlackElo "1660"]
[PlyCount "45"]
[EventDate "2019.08.24"]

1. e4 c5 2. Nf3 d6 3. d4 cxd4 4. Nxd4 Nf6 5. Nc3 a6 6. Bg5 e6 7. f4 Nbd7 8. Qe2
Qc7 9. O-O-O b5 10. g4 b4 11. Nd5 Nxd5 12. exd5 e5 13. Bg2 Bb7 14. Rhe1 a5 15.
Nc6 f6 16. Bh4 Kf7 17. g5 h5 18. gxf6 Nxf6 19. fxe5 Bxc6 20. dxc6 Re8 21. Bxf6
gxf6 22. Qc4+ Kg7 23. exf6+ 1-0

[Event "Pohár města Říčany 2018"]
[Site "Městské kulturní středisko"]
[Date "2019.08.25"]
[Round "2.32"]
[White "Nentvich, Libor"]
[Black "Kuhnmund, Ivan"]
[Result "0-1"]
[WhiteElo "1822"]
[BlackElo "1631"]
[PlyCount "80"]
[EventDate "2019.08.24"]

1. e4 c5 2. Nf3 a6 3. d4 cxd4 4. Nxd4 Nf6 5. e5 Qa5+ 6. Nc3 Qxe5+ 7. Be3 Nd5 8.
Nf3 Nxe3 9. Nxe5 Nxd1 10. Rxd1 Nc6 11. Nd5 Rb8 12. Nc7+ Kd8 13. Nxf7+ Kxc7 14.
Nxh8 d6 15. Nf7 h6 16. a3 Be6 17. Nh8 g5 18. Ng6 Bg7 19. b4 Bc3+ 20. Ke2 Bf5
21. Rd3 Bxd3+ 22. Kxd3 Bb2 23. Ke4 Rg8 24. Nxe7 Nxe7 25. a4 Rf8 26. f3 Rf4+ 27.
Kd3 Rd4+ 28. Ke2 Rxb4 29. Kf2 Bd4+ 30. Kg3 Be5+ 31. Kf2 Bd4+ 32. Kg3 Nf5+ 33.
Kg4 Ng7 34. g3 Rxa4 35. Bd3 Bc3+ 36. Kh3 h5 37. Rf1 Ra1 38. Rf2 Re1 39. f4 g4+
40. Kg2 Bd4 0-1

[Event "Pohár města Říčany 2018"]
[Site "Městské kulturní středisko"]
[Date "2019.08.25"]
[Round "2.33"]
[White "Konvalinka, Vladislav"]
[Black "Stepanek, Svatopluk"]
[Result "0-1"]
[WhiteElo "1657"]
[BlackElo "1822"]
[PlyCount "106"]
[EventDate "2019.08.24"]

1. d4 d5 2. c4 c6 3. cxd5 cxd5 4. Bf4 e6 5. Nc3 a6 6. e3 Bd6 7. Bxd6 Qxd6 8.
Bd3 Nf6 9. f4 Nc6 10. Rc1 O-O 11. Nf3 Ne7 12. O-O Nf5 13. Qe1 Ng4 14. Nd1 Bd7
15. h3 Nf6 16. Nc3 b5 17. Ne5 Rfc8 18. g4 Ne7 19. Qf2 b4 20. Ne2 Ne4 21. Bxe4
dxe4 22. Rxc8+ Rxc8 23. Rc1 Bb5 24. Rxc8+ Nxc8 25. Nc1 f6 26. Qc2 Nb6 27. Qxe4
fxe5 28. fxe5 Qd7 29. Qf4 Nd5 30. Qf2 Qf7 31. Nb3 Qxf2+ 32. Kxf2 g5 33. Nc5 Kf7
34. Ne4 h6 35. Nd2 Nb6 36. b3 Bd3 37. e4 Bb5 38. Ke3 Ke7 39. Nf3 Bf1 40. h4
gxh4 41. Nxh4 Kf7 42. Nf3 Kg6 43. Kf4 Bd3 44. Nd2 a5 45. Ke3 Ba6 46. Kf4 Bb7
47. Nf3 Bc6 48. Nd2 a4 49. bxa4 Nxa4 50. Nb3 Nc3 51. Nc5 Kf7 52. g5 hxg5+ 53.
Kxg5 Nxe4+ 0-1

[ePGN "0.1;DGT LiveChess/2.2.4"]

[Event "Pohár města Říčany 2018"]
[Site "Městské kulturní středisko U labutě"]
[Date "2019.08.29"]
[Round "7.1"]
[White "Petr, Jakub"]
[Black "Mladek, Richard"]
[Result "0-1"]
[WhiteElo "2307"]
[BlackElo "2266"]
[PlyCount "0"]
[EventDate "2019.08.24"]

1. d4 {[%clk 01:30:54]} {[%emt 00:00:05]} Nf6 {[%clk 01:30:52]} {[%emt
00:00:08]} 2. Bg5 {[%clk 01:31:11]} {[%emt 00:00:13]} Ne4 {[%clk 01:31:15]}
{[%emt 00:00:07]} 3. Bf4 {[%clk 01:31:31]} {[%emt 00:00:09]} c5 {[%clk
01:31:39]} {[%emt 00:00:07]} 4. f3 {[%clk 01:31:53]} {[%emt 00:00:08]} Qa5+
{[%clk 01:32:07]} {[%emt 00:00:02]} 5. c3 {[%clk 01:32:12]} {[%emt 00:00:10]}
Nf6 {[%clk 01:32:36]} 6. Nd2 {[%clk 01:32:20]} {[%emt 00:00:23]} cxd4 {[%clk
01:33:04]} {[%emt 00:00:02]} 7. Nb3 {[%clk 01:32:35]} {[%emt 00:00:14]} Qd8
{[%clk 01:33:33]} {[%emt 00:00:02]} 8. cxd4 {[%clk 01:29:56]} {[%emt 00:03:09]}
e6 {[%clk 01:33:42]} {[%emt 00:00:21]} 9. e4 {[%clk 01:28:10]} {[%emt
00:02:16]} Nc6 {[%clk 01:31:19]} {[%emt 00:02:53]} 10. Ne2 {[%clk 01:24:17]}
{[%emt 00:04:22]} d5 {[%clk 01:30:18]} {[%emt 00:01:32]} 11. Nc3 {[%clk
01:15:11]} {[%emt 00:09:37]} dxe4 {[%clk 01:21:38]} {[%emt 00:09:10]} 12. fxe4
{[%clk 01:09:53]} {[%emt 00:05:48]} Bb4 {[%clk 01:22:02]} {[%emt 00:00:06]} 13.
Qd3 {[%clk 01:05:39]} {[%emt 00:04:43]} O-O {[%clk 01:19:42]} {[%emt 00:02:51]}
14. O-O-O {[%clk 01:04:02]} {[%emt 00:02:07]} Ng4 {[%clk 01:12:29]} {[%emt
00:07:42]} 15. Qg3 {[%clk 00:58:01]} {[%emt 00:06:31]} Bxc3 {[%clk 01:11:25]}
{[%emt 00:01:35]} 16. bxc3 {[%clk 00:54:49]} {[%emt 00:03:41]} e5 {[%clk
01:11:48]} {[%emt 00:00:07]} 17. dxe5 {[%clk 00:49:34]} {[%emt 00:05:45]} Qe7
{[%clk 01:12:04]} {[%emt 00:00:14]} 18. Rd5 {[%clk 00:26:38]} {[%emt 00:23:26]}
h5 {[%clk 01:05:23]} {[%emt 00:07:11]} 19. e6 {[%clk 00:13:08]} {[%emt
00:14:00]} Bxe6 {[%clk 00:48:07]} {[%emt 00:17:46]} 20. Bd6 {[%clk 00:12:55]}
{[%emt 00:00:42]} Qf6 {[%clk 00:47:48]} {[%emt 00:00:50]} 21. Rxh5 {[%clk
00:09:59]} {[%emt 00:03:26]} Nf2 {[%clk 00:42:14]} {[%emt 00:06:04]} 22. Bxf8
{[%clk 00:00:50]} {[%emt 00:09:39]} Nxh1 {[%clk 00:41:44]} {[%emt 00:01:00]} 23.
Qe1 {[%clk 00:00:43]} {[%emt 00:00:37]} Rxf8 {[%clk 00:41:03]} {[%emt
00:01:11]} 24. Bd3 {[%clk 00:00:36]} {[%emt 00:00:36]} Nf2 {[%clk 00:34:37]}
{[%emt 00:06:56]} 25. Bc2 {[%clk 00:00:58]} {[%emt 00:00:08]} Rd8 {[%clk
00:34:56]} {[%emt 00:00:11]} 0-1

[Event "Pohár města Říčany 2018"]
[Site "Městské kulturní středisko U labutě"]
[Date "2019.08.29"]
[Round "7.2"]
[White "Neuman, Petr"]
[Black "Vojta, Jakub"]
[Result "1-0"]
[WhiteElo "2392"]
[BlackElo "2256"]
[PlyCount "0"]
[EventDate "2019.08.24"]

1. c4 Nf6 2. g3 g6 3. Bg2 d5 4. cxd5 Nxd5 5. Nc3 Nb6 6. d3 Bg7 7. Be3 O-O
8. Qd2 Re8 9. Bh6 Bh8 10. h4 N8d7 11. h5 Nf6 12. hxg6 hxg6 13. Nf3 c6 14. Bg5
Bg7 15. Qf4 Qd6 16. Qh4 Nbd5 17. Kf1 Nxc3 18. bxc3 e5 19. Nd2 Bf5 20. Bf3 Kf8
21. g4 Bd7 22. Bh6 Bxh6 23. Qxh6+ Ke7 24. Qg5 Ke6 25. Nc4 Qc7 26. d4 e4 27. Qe3
Nd5 28. Qxe4+ Kf6 29. Ne5 Rxe5 30. dxe5+ Qxe5 31. Qd4 Qxd4 32. cxd4 Nb6 33. Kg2
Re8 34. e3 Be6 35. Kg3 Na4 36. Rhc1 Re7 37. Rab1 Nb6 38. Rb2 Nc4 39. Rbc2 Na3
40. Rc5 Nb5 41. d5 1-0

[Event "Pohár města Říčany 2018"]
[Site "Městské kulturní středisko U labutě"]
[Date "2019.08.29"]
[Round "7.3"]
[White "Vojta, Tomas"]
[Black "Dunder, Ondrej"]
[Result "1-0"]
[WhiteElo "2363"]
[BlackElo "1717"]
[PlyCount "0"]
[EventDate "2019.08.24"]

1. e4 d5 2. exd5 Qxd5 3. Nc3 Qa5 4. d4 c6 5. Nf3 Nf6 6. Bd2 Qb6 7. Bc4 Bf5
8. Qe2 Qxb2 9. Rb1 Qxc2 10. Rxb7 e6 11. O-O Ne4 12. Nb5 cxb5 13. Bxb5+ Nc6
14. Rc1 Qxc1+ 15. Bxc1 Bd6 16. Bxc6+ Kf8 17. Bxe4 1-0

[Event "Pohár města Říčany 2018"]
[Site "Městské kulturní středisko U labutě"]
[Date "2019.08.29"]
[Round "7.4"]
[White "Zizka, Petr"]
[Black "Novotny, Martin"]
[Result "1-0"]
[WhiteElo "2081"]
[BlackElo "2178"]
[PlyCount "0"]
[EventDate "2019.08.24"]

1. b3 e5 2. Bb2 Nc6 3. e3 d6 4. Nf3 Nf6 5. d4 e4 6. d5 Nb4 7. Ng5 h6 8. c3 hxg5
9. cxb4 Be7 10. Qd4 Bf5 11. Nd2 c5 12. dxc6 bxc6 13. Rc1 Qb6 14. a3 Qxd4
15. Bxd4 Kd7 16. Nc4 Bd8 17. Rd1 Nd5 18. Bxg7 Rh7 19. Bb2 f6 20. b5 Bc7 21. b4
Be6 22. bxc6+ Kxc6 23. Rc1 Kd7 24. Nd2 f5 25. Bb5+ Kd8 26. Bc6 Rb8 27. Bxd5 Bxd5
28. Bf6+ Kd7 29. Bxg5 a5 30. O-O axb4 31. axb4 Rxb4 32. Rfd1 Ke6 33. Nf1 Rb2
34. Rb1 Rxb1 35. Rxb1 Ba5 36. Ng3 Bc3 37. Ne2 Be5 38. Nf4+ Bxf4 39. Bxf4 Rb7
40. Rd1 Rb6 41. h4 Bc4 42. Kh2 Be2 43. Rc1 Kd7 44. Rc2 Bd3 45. Ra2 Ra6 46. Rb2
Kc7 47. h5 Ra8 48. h6 Kc6 49. Kh3 Bf1 50. Rb1 Be2 51. Rc1+ Kd7 52. Rc2 Bf1
53. Rd2 Bd3 54. Bg5 Ke6 55. Kg3 Kf7 56. Kf4 Kg6 57. Rb2 Bc4 58. Rb7 Bf7 59. Rb6
Ra2 60. Rxd6+ Kh7 61. Kxf5 Rxf2+ 62. Bf4 Bg8 63. g4 Rg2 64. g5 Kh8 65. Be5+ Kh7
66. Rd7+ Bf7 67. Rxf7+ Kg8 68. Rg7+ Kh8 69. Ra7+ Kg8 70. h7+ 1-0

[Event "Pohár města Říčany 2018"]
[Site "Městské kulturní středisko U labutě"]
[Date "2019.08.29"]
[Round "7.5"]
[White "Rodshtein, Tereza"]
[Black "Groh, Jiri"]
[Result "1-0"]
[WhiteElo "2208"]
[BlackElo "2001"]
[PlyCount "0"]
[EventDate "2019.08.24"]

1. e4 c5 2. Nf3 Nc6 3. d4 cxd4 4. Nxd4 g6 5. Nc3 Bg7 6. Be3 Nf6 7. Bc4 O-O
8. Bb3 Re8 9. O-O Ng4 10. Qxg4 Nxd4 11. Qd1 Nxb3 12. axb3 b6 13. Bd4 f6 14. Bxf6
Bb7 15. Bxg7 Kxg7 16. Qd4+ e5 17. Qd3 a5 18. Rad1 Re7 19. f4 Ba6 20. Nb5 Rc8
21. f5 Rf7 22. fxg6 Rxf1+ 23. Rxf1 hxg6 24. Qd5 Qg5 25. Qxd7+ Kh6 26. c4 Qe3+
27. Kh1 Rf8 28. Rg1 Qxe4 29. Nd6 Qf4 30. Qa7 e4 31. Nxe4 Bc8 32. Ng3 Qe3 33. Qa8
Qxb3 34. Qd5 Qxb2 35. Ne4 Rf5 36. Qc6 Rf8 37. Qd6 Qb4 38. c5 Rf5 39. Qe7 Qd4
40. cxb6 Qxb6 41. g4 Qe3 42. g5+ Rxg5 43. Qf8+ 1-0

[Event "Pohár města Říčany 2018"]
[Site "Městské kulturní středisko U labutě"]
[Date "2019.08.29"]
[Round "7.6"]
[White "Reljic, Michael"]
[Black "Stanek, Ondrej"]
[Result "0-1"]
[BlackElo "2047"]
[EventDate "2019.08.24"]
[PlyCount "0"]
[WhiteElo "1890"]

1. e4 c6 2. d4 d5 3. exd5 cxd5 4. c4 Nf6 5. Nc3 Nc6 6. Be3 g6 7. h3 Bg7 8. Nf3
O-O 9. Be2 b6 10. O-O dxc4 11. Bxc4 Bb7 12. a3 Rc8 13. Ba2 e6 14. Rc1 Ne7 15.
Ng5 Nfd5 16. Qa4 Bc6 17. Qa6 Qd7 18. Qd3 Rfd8 19. Rfd1 Qb7 20. g3 Nf5 21. Kh2
h6 22. Nge4 Nxc3 23. Nxc3 Nxd4 24. Bxd4 Rxd4 25. Qe3 Rcd8 26. Rxd4 Rxd4 27. b4
Qd7 28. Ne2 Re4 29. Qf3 Rc4 30. Qe3 Rxc1 31. Qxc1 Bb7 32. Qc2 Qc6 33. Qxc6 Bxc6
34. Bc4 b5 35. Bd3 Bb2 36. Kg1 e5 37. f4 e4 38. Bc2 f5 39. a4 bxa4 40. g4 Kf7
41. gxf5 gxf5 42. Kf2 Bd7 43. Ke3 Ba3 44. b5 Bxb5 45. Bb1 Bc5+ 46. Kd2 Bc4 47.
Nc3 Bb4 48. h4 e3+ 49. Kc2 e2  0-1

[Event "Pohár města Říčany 2018"]
[Site "Městské kulturní středisko U labutě"]
[Date "2019.08.29"]
[Round "7.7"]
[White "Zvolensky, David"]
[Black "Svetly, Jiri"]
[Result "1-0"]
[WhiteElo "2152"]
[BlackElo "1871"]
[PlyCount "0"]
[EventDate "2019.08.24"]

1. e4 d6 2. d4 Nf6 3. Nc3 g6 4. f4 Bg7 5. Nf3 c5 6. dxc5 Qa5 7. Qd4 Nc6 8. Bb5
O-O 9. Qa4 Qxa4 10. Bxa4 a6 11. Be3 Ng4 12. Bg1 dxc5 13. Bxc5 Bxc3+ 14. bxc3 Re8
15. e5 b5 16. Bb3 Bb7 17. O-O-O Rad8 18. Bb6 Rxd1+ 19. Rxd1 e6 20. c4 Ne7
21. Rd7 Bc8 22. Rc7 Nh6 23. cxb5 axb5 24. c4 Ba6 25. Ra7 bxc4 26. Ba4 Rb8
27. Rxa6 Nhf5 28. g4 Nd5 29. Ba7 Nc7 30. Bxb8 Nxa6 31. gxf5 Nxb8 1-0

[Event "Pohár města Říčany 2018"]
[Site "Městské kulturní středisko U labutě"]
[Date "2019.08.29"]
[Round "7.8"]
[White "Svatos, Jan"]
[Black "Elias, Jakub"]
[Result "1-0"]
[WhiteElo "2232"]
[BlackElo "1836"]
[PlyCount "0"]
[EventDate "2019.08.24"]

1. d4 Nf6 2. Bg5 d5 3. Bxf6 exf6 4. e3 Bd6 5. Bd3 Be6 6. Nd2 c6 7. Qf3 Qd7
8. h3 a5 9. Ne2 Na6 10. c3 Nc7 11. O-O O-O 12. e4 dxe4 13. Nxe4 Be7 14. Rfe1 f5
15. Nc5 Bxc5 16. dxc5 g6 17. Nd4 Rfe8 18. Qg3 Nd5 19. Re5 f6 20. Rxe6 Rxe6
21. Bxf5 Rae8 22. Bxe6+ Rxe6 23. Nxe6 Qxe6 24. c4 1-0

[Event "Pohár města Říčany 2018"]
[Site "Městské kulturní středisko U labutě"]
[Date "2019.08.29"]
[Round "7.9"]
[White "Vlkova, Anezka"]
[Black "Otruba, Marek"]
[Result "1-0"]
[WhiteElo "1973"]
[BlackElo "2133"]
[PlyCount "0"]
[EventDate "2019.08.24"]

1. e4 c5 2. Nc3 Nc6 3. g3 g6 4. Bg2 Bg7 5. d3 d6 6. Nge2 e5 7. Nd5 Rb8 8. a4
Be6 9. Nec3 a6 10. O-O Nd4 11. a5 Nc6 12. f4 exf4 13. gxf4 Nge7 14. f5 Bd4+
15. Kh1 Bxd5 16. exd5 Ne5 17. f6 Nf5 18. Ne4 Ne3 19. Bxe3 Bxe3 20. c3 h5 21. Qe2
Ng4 22. Bf3 Bh6 23. Bxg4 hxg4 24. Nxd6+ Kf8 25. Qe7+ Qxe7 26. fxe7+ Kxe7
27. Nxf7 Rh7 28. Rae1+ Kd7 29. Re6 Re8 30. Ne5+ Kd8 31. Rxe8+ Kxe8 32. Nxg4 Bg5
33. Ne5 Bd8 34. Re1 Re7 35. b4 cxb4 36. cxb4 b6 37. axb6 Bxb6 38. Re4 g5 39. Nc6
Rxe4 40. dxe4 1-0

[Event "Pohár města Říčany 2018"]
[Site "Městské kulturní středisko U labutě"]
[Date "2019.08.29"]
[Round "7.10"]
[White "Hrbek, Tomas"]
[Black "Rut, Vojtech"]
[Result "0-1"]
[WhiteElo "1744"]
[BlackElo "2115"]
[PlyCount "0"]
[EventDate "2019.08.24"]

1. d4 e6 2. c4 f5 3. Nc3 Nf6 4. Nf3 Bb4 5. Bd2 O-O 6. e3 b6 7. Bd3 Bb7 8. O-O
Nc6 9. a3 Bxc3 10. Bxc3 a5 11. b4 Qe7 12. Qb3 Ne4 13. Bxe4 fxe4 14. Nd2 Qh4
15. d5 a4 16. Qc2 exd5 17. cxd5 Ne7 18. Qxe4 Qxe4 19. Nxe4 Nxd5 20. Rfe1 Rae8
21. f3 Rxe4 22. fxe4 Nxc3 23. Rac1 Nb5 24. e5 Re8 25. Red1 Bc6 26. Rd3 Rxe5
27. g3 Nd6 28. h3 Rf5 29. Rf1 Rxf1+ 30. Kxf1 Bb5 0-1

[Event "Pohár města Říčany 2018"]
[Site "Městské kulturní středisko U labutě"]
[Date "2019.08.29"]
[Round "7.11"]
[White "Vilimova, Julie"]
[Black "Vystrcil, Martin"]
[Result "0-1"]
[WhiteElo "1953"]
[BlackElo "2106"]
[PlyCount "0"]
[EventDate "2019.08.24"]

1. d4 Nf6 2. c4 g6 3. Nc3 Bg7 4. e4 d6 5. Nf3 O-O 6. Be2 Nbd7 7. Bg5 e5 8. dxe5
dxe5 9. O-O c6 10. Qd6 Re8 11. Rfd1 Bf8 12. Qd2 Qc7 13. Bh6 Nc5 14. Bxf8 Rxf8
15. Qe3 Ne6 16. h3 Nf4 17. Bf1 Kg7 18. Qc5 Nd7 19. Qd6 Qxd6 20. Rxd6 Re8
21. Rad1 Nf6 22. Kh2 Re7 23. g3 N4h5 24. b4 Ne8 25. Rd8 Nc7 26. b5 Nf6 27. bxc6
bxc6 28. R8d6 Bb7 29. Rb1 Nce8 30. Rd2 Ba6 31. Ne1 Rd7 32. Rxd7 Nxd7 33. Nf3 f6
34. Na4 Kf7 35. Rd1 Bc8 36. h4 Ke7 37. c5 Rb8 38. a3 Rb3 39. Rd3 Rxd3 40. Bxd3
Nc7 41. Nd2 Ba6 42. Bxa6 Nxa6 43. Nb3 f5 44. exf5 gxf5 45. f4 Ke6 46. fxe5 Kxe5
47. Kg2 Kd5 48. Kf3 Ndxc5 49. Naxc5 Nxc5 50. Na5 Ne6 51. Ke3 c5 52. Kd3 f4
53. gxf4 Nxf4+ 54. Kc3 h5 55. Nc4 Ng2 56. Kd3 Nxh4 57. Ne3+ Kc6 58. Kc4 Ng6
59. Nf5 h4 60. Ne3 Ne5+ 61. Kc3 h3 62. Nf1 Ng4 63. Ng3 h2 64. Nh1 Kd5 65. Kd3
c4+ 0-1

[Event "Pohár města Říčany 2018"]
[Site "Městské kulturní středisko U labutě"]
[Date "2019.08.29"]
[Round "7.12"]
[White "Hadzala, Daniel"]
[Black "Cermak, Jan"]
[Result "1-0"]
[WhiteElo "2047"]
[BlackElo "1912"]
[PlyCount "0"]
[EventDate "2019.08.24"]

1. d4 d5 2. Nf3 Nf6 3. c4 c6 4. g3 Bf5 5. Nc3 dxc4 6. Ne5 e6 7. Bg2 Bb4 8. O-O
Bxc3 9. bxc3 O-O 10. Ba3 Re8 11. Nxc4 Qc7 12. Nd6 Rd8 13. Nxf5 exf5 14. Qc2 g6
15. e3 Nbd7 16. c4 Re8 17. Rab1 Rac8 18. Rfd1 h5 19. Qb3 b6 20. Rbc1 h4 21. d5
hxg3 22. hxg3 cxd5 23. cxd5 Qe5 24. Bb2 Qd6 25. Rc6 Qe7 26. Qc3 Rxc6 27. dxc6
Ne5 28. c7 1-0

[Event "Pohár města Říčany 2018"]
[Site "Městské kulturní středisko U labutě"]
[Date "2019.08.29"]
[Round "7.13"]
[White "Vavrinec, Tomas"]
[Black "Stepanek, Svatopluk"]
[Result "0-1"]
[WhiteElo "1994"]
[BlackElo "1822"]
[PlyCount "0"]
[EventDate "2019.08.24"]

1. c4 e5 2. Nc3 c6 3. d4 Bd6 4. Nf3 exd4 5. Qxd4 Qf6 6. Be3 Qxd4 7. Bxd4 f6
8. O-O-O Be7 9. e4 Nh6 10. h3 O-O 11. g4 Na6 12. Be3 Nf7 13. Be2 Nc7 14. Nd4 d6
15. Rd2 Re8 16. Bd1 Bf8 17. Bb3 Ne6 18. Nf5 Nc5 19. Bc2 Be6 20. b3 a6 21. Nd4
Bc8 22. f3 Ne6 23. Nf5 b5 24. Bd3 b4 25. Na4 Nc5 26. Nxc5 dxc5 27. Be2 a5
28. Bd1 Be6 29. Bc2 g6 30. Ng3 a4 31. f4 axb3 32. Bxb3 Nd6 33. Bxc5 Nxc4
34. Bxc4 Bxc5 35. Bxe6+ Rxe6 36. Re1 b3 0-1

[Event "Pohár města Říčany 2018"]
[Site "Městské kulturní středisko U labutě"]
[Date "2019.08.29"]
[Round "7.14"]
[White "Krizek, Krystof"]
[Black "Skala, Jaromir"]
[Result "1/2-1/2"]
[WhiteElo "1984"]
[BlackElo "1899"]
[PlyCount "0"]
[EventDate "2019.08.24"]

1. e4 e5 2. Nf3 Nc6 3. Bc4 Nf6 4. d3 Be7 5. O-O O-O 6. Bb3 d5 7. exd5 Nxd5
8. Re1 Bf6 9. Nbd2 Nf4 10. Ne4 Ng6 11. Nxf6+ Qxf6 12. h3 Nd4 13. Nxd4 exd4
14. c3 Bf5 15. Bc4 dxc3 16. bxc3 Ne5 17. Bg5 Qxg5 18. Rxe5 Rae8 19. Rxe8 Rxe8
20. Qf3 h5 21. d4 c6 22. a4 Qg6 23. Rf1 a5 24. Qg3 Qxg3 25. fxg3 g6 26. Bxf7+
Kxf7 27. g4 hxg4 28. hxg4 Re3 29. gxf5 Rxc3 30. Rb1 b5 31. axb5 cxb5 32. Rxb5 a4
33. fxg6+ Kxg6 34. Ra5 a3 35. d5 Rd3 36. Ra6+ Kg7 37. d6 a2 38. Rxa2 Rxd6
39. Kf2 Rf6+ 40. Kg1 Kg8 41. Ra4 Rf8 42. g4 Rb8 43. Kg2 Rb2+ 44. Kg3 Rb3+
45. Kh4 Rb8 46. Ra6 Rc8 47. Kh5 Rc5+ 48. Kh6 Rc8 49. Rg6+ Kh8 50. g5 Ra8 1/2-1/2

[Event "Pohár města Říčany 2018"]
[Site "Městské kulturní středisko U labutě"]
[Date "2019.08.29"]
[Round "7.15"]
[White "Salac, Jiri"]
[Black "Petras, Milan"]
[Result "0-1"]
[WhiteElo "1881"]
[BlackElo "1981"]
[PlyCount "0"]
[EventDate "2019.08.24"]

1. d4 g6 2. g3 Bg7 3. e4 d6 4. Bg2 Nd7 5. Ne2 Ngf6 6. Nbc3 c6 7. a4 O-O 8. h3
e5 9. Be3 Re8 10. O-O Qa5 11. f4 Nf8 12. fxe5 dxe5 13. d5 Bd7 14. Bg5 Qd8
15. Qd2 h5 16. dxc6 bxc6 17. Rad1 N8h7 18. Bxf6 Nxf6 19. Rxf6 Bxf6 20. Qxd7 Qb6+
21. Kh2 Rad8 22. a5 Qa6 0-1

[Event "Pohár města Říčany 2018"]
[Site "Městské kulturní středisko U labutě"]
[Date "2019.08.29"]
[Round "7.16"]
[White "Tejkal, Jiri"]
[Black "Hejsek, Lukas"]
[Result "1/2-1/2"]
[WhiteElo "1881"]
[BlackElo "1948"]
[PlyCount "0"]
[EventDate "2019.08.24"]

1. d4 Nf6 2. c4 c5 3. d5 b5 4. cxb5 a6 5. b6 e6 6. Nc3 exd5 7. Nxd5 Nxd5
8. Qxd5 Nc6 9. Nf3 Rb8 10. Ne5 Qf6 11. Nxc6 dxc6 12. Qe4+ Be7 13. g3 O-O 14. Bg2
Rxb6 15. O-O Be6 16. Qa4 Bd5 17. e4 Rb4 18. Qc2 Qg6 19. Bd2 Bxe4 20. Bxe4 Rxe4
21. Bc3 Re8 22. f3 Re3 23. Qxg6 hxg6 24. Rae1 Bf6 25. Rxe3 Rxe3 26. Bxf6 gxf6
27. Kf2 Re5 28. Rc1 Rd5 29. Ke2 Re5+ 30. Kd2 Rd5+ 31. Ke2 Re5+ 1/2-1/2

[Event "Pohár města Říčany 2018"]
[Site "Městské kulturní středisko U labutě"]
[Date "2019.08.29"]
[Round "7.17"]
[White "Maly, Filip"]
[Black "Lhotsky, Frantisek"]
[Result "1-0"]
[WhiteElo "1941"]
[BlackElo "1865"]
[PlyCount "0"]
[EventDate "2019.08.24"]

1. e4 e5 2. Nf3 Nc6 3. Bb5 a6 4. Ba4 Nf6 5. O-O Be7 6. Re1 b5 7. Bb3 d6 8. c3
O-O 9. d3 Na5 10. Bc2 c5 11. Nbd2 h6 12. a4 Be6 13. Nf1 Rc8 14. axb5 axb5
15. Ne3 Re8 16. h3 Bf8 17. d4 cxd4 18. cxd4 exd4 19. Nxd4 Bd7 20. Nef5 Nc4
21. b3 Ne5 22. Bf4 Qb6 23. Be3 Qb7 24. Bb1 Bxf5 25. Nxf5 Nxe4 26. Ra7 Qc6
27. Nd4 Qd5 28. Nxb5 Qxb5 29. Bxe4 Re7 30. Rxe7 Bxe7 31. f4 Nd7 32. Qg4 Qb4
33. Bf2 Rc7 34. Bh7+ Kxh7 35. Rxe7 Qb5 36. Rxf7 Rc1+ 37. Kh2 1-0

[Event "Pohár města Říčany 2018"]
[Site "Městské kulturní středisko U labutě"]
[Date "2019.08.29"]
[Round "7.18"]
[White "Nemecek, Pavel"]
[Black "Postupa, Pavel"]
[Result "1-0"]
[WhiteElo "1801"]
[BlackElo "1940"]
[PlyCount "0"]
[EventDate "2019.08.24"]

1. e4 c5 2. Nc3 Nc6 3. g3 g6 4. Bg2 Bg7 5. d3 e6 6. Be3 d6 7. Qd2 Rb8 8. Nge2
Nd4 9. Bxd4 cxd4 10. Nb5 e5 11. Qb4 Bf8 12. Qc4 Be6 13. Nc7+ Ke7 14. Nxe6 fxe6
15. O-O b5 16. Qb3 Nf6 17. f4 Nd7 18. fxe5 dxe5 19. Rf3 Qa5 20. c3 Bg7 21. cxd4
exd4 22. Nf4 Nc5 23. Qd1 Rhf8 24. Bh3 Rb6 25. Qc1 Kd6 26. Qf1 Rbb8 27. Rc1 g5
28. Rxc5 gxf4 29. Rg5 Bh6 30. Rh5 Bg7 31. Rxh7 Rg8 32. Rxf4 Qd2 33. Qf2 Qxd3
34. Bf1 Qe3 35. Rf7 Bh6 36. Rxh6 1-0

[Event "Pohár města Říčany 2018"]
[Site "Městské kulturní středisko U labutě"]
[Date "2019.08.29"]
[Round "7.19"]
[White "Voracek, Zdenek"]
[Black "Matys, Jakub"]
[Result "1-0"]
[WhiteElo "1938"]
[BlackElo "1772"]
[PlyCount "0"]
[EventDate "2019.08.24"]

1. d4 Nf6 2. c4 g6 3. Nc3 d5 4. cxd5 Nxd5 5. e4 Nxc3 6. bxc3 Bg7 7. Bc4 O-O
8. Ne2 c5 9. O-O Qc7 10. Bf4 e5 11. dxe5 Bxe5 12. Bxe5 Qxe5 13. Bd5 Nc6 14. f4
Qc7 15. Qd2 Ne7 16. c4 Bd7 17. f5 Nxd5 18. cxd5 f6 19. fxg6 hxg6 20. Qh6 Be8
21. Nf4 Qh7 22. Qxh7+ Kxh7 23. Ne6 Rf7 24. Nxc5 Rc8 25. Ne6 Bb5 26. Ng5+ Kg8
27. Nxf7 Kxf7 28. Rfc1 Bc4 29. a4 a6 30. Kf2 b5 31. axb5 axb5 32. Ra7+ Kf8
33. Ke3 Re8 34. Kd4 Re5 35. Rca1 1-0

[Event "Pohár města Říčany 2018"]
[Site "Městské kulturní středisko U labutě"]
[Date "2019.08.29"]
[Round "7.20"]
[White "Konvalinka, Vladislav"]
[Black "Toulec, Stanislav"]
[Result "0-1"]
[WhiteElo "1657"]
[BlackElo "1930"]
[PlyCount "0"]
[EventDate "2019.08.24"]

1. d4 Nf6 2. c4 e6 3. g3 Bb4+ 4. Bd2 Be7 5. Bg2 Nc6 6. Nf3 b6 7. O-O O-O 8. Nc3
d5 9. cxd5 exd5 10. Bf4 Bd6 11. Ne5 Ne7 12. Bg5 c6 13. e3 Bxe5 14. dxe5 Ne8
15. e4 d4 16. Bxe7 Qxe7 17. Qxd4 Be6 18. Rfd1 b5 19. b4 a5 20. a3 g5 21. Ne2 Bc4
22. Bf1 axb4 23. axb4 Rxa1 24. Rxa1 Qxb4 25. Qe3 Qe7 26. Ra7 Qxe5 27. f4 gxf4
28. gxf4 Qb2 29. Ra6 c5 30. Rb6 b4 31. Kf2 Nf6 32. Kf3 Nd7 33. Rd6 Bb5 34. e5
Kg7 35. e6 fxe6 36. Rxe6 Qa3 37. Bh3 Qxe3+ 38. Kxe3 Kf7 39. Rd6 Re8+ 0-1